Ciudades de Centroamérica y el Caribe sin Vocales - Estadísticas

Estadísticas generales
  • Esta prueba ha sido intentada 63 veces
  • La puntuación promedio es 24 de 35
Estadísticas de respuestas
Pista Ciudad % Correcto
K_NGST_N Kingston
93%
S_N S_LV_D_R San Salvador
93%
C__D_D D_ G__T_M_L_ Ciudad de Guatemala
89%
S_N J__N San Juan
89%
S_NT_ D_M_NG_ Santo Domingo
89%
T_G_C_G_LP_ Tegucigalpa
89%
BR_DG_T_WN Bridgetown
84%
K_NGST_WN Kingstown
84%
S__NT J_HN'S Saint John's
84%
C__D_D D_ P_N_M_ Ciudad de Panamá
82%
PLYM__TH Plymouth
82%
G__NT_N_M_ Guantánamo
80%
L_ H_B_N_ La Habana
80%
N_SS__ Nassau
78%
B_SS_T_RR_ Basseterre
76%
B_SS_-T_RR_ Basse-Terre
76%
B_LM_P_N Belmopán
76%
S__NT G__RG_'S Saint George's
76%
L_M_N Limón
71%
M_N_G__ Managua
71%
C_STR__S Castries
69%
PH_L_PSB_RG Philipsburg
67%
R__D T_WN Road Town
62%
S_NT__G_ D_ L_S C_B_LL_R_S Santiago de los Caballeros
60%
R_SS___ Rosseau
58%
S_N P_DR_ S_L_ San Pedro Sula
56%
TH_ B_TT_M The Bottom
56%
_L V_LL_/TH_ V_LL_Y El Valle/The Valley
53%
G_ST_V__ Gustavia
53%
_R_NJ_ST_D Oranjestad
53%
C_CKB_RN T_WN Cockburn Town
51%
CH_RL_TT_ _M_L__ Charlotte Amalie
31%
M_R_G_T Marigot
29%
L_S _BYM_S Les Abymes
20%
G_N__V_S Gonaïves
13%
No se encontraron pruebas coincidentes
Distribución de puntuación
Porcentaje de gente con cada puntuación
Porcentaje por número respondido
Historial de tus puntuaciones
No has intentado esta prueba.